000 00813 a2200229 4500
001 29904
005 20260407155609.0
008 260407a2005 arg spa d
003 AR-UNSa-BCEJYS
040 _aAR-UNSa-BCEJYS
_bspa
_cAR-UNSa-BCEJYS
080 _a342.4
_xConstituciones. Asambleas legislativas. Asambleas nacionales (Reforma...)
245 1 0 _aConstitución de la Nación Argentina
_pcomentada y concordada
020 _a987-03-0617-9
250 _a3a. ed.
264 1 _aBuenos Aires :
_bLa Ley
_c2005
300 _aliv, 1309 p.
_c25 cm.
041 _aspa
942 _cBK
590 _aniveau_biblio:m niveau_hierar:0
100 1 _aGelli, María Angélica
856 4 1 _uhttps://biblioeco.unsa.edu.ar/pmb/images/libros/Constitucion de la Nacion Argentina2-l87392.jpg
_yImagen de portada
_qimage/jpeg
999 _c1976
_d1976